000 00481nam a2200193Ia 4500
008 160819s9999 xx 000 0 und d
020 _a1-7412-1942-6
050 _aCUL TX 809.R5
050 _b.R53 2005
245 _aRise & risotto /
245 _cedited by Ellen Argyriou.
260 _aAustralia :
260 _bHinkler Books Pty. Ltd.,
260 _c2005
300 _a62 pages :
300 _bcolor illustrations ;
300 _c21 cm.
500 _aIncludes index.
999 _c300714
_d300714